00572nam a2200169 i 450000100060000000300090000600500170001500700030003200800410003524501030007626000310017930000680021050000370027865100240031574000250033985200380036443245ES-MaACL20250603171454.0t|030317s1801 sp ||||1| spa d00aCenso de la población de España de el año 1797 b: executado de orden del Rey en el de 1801. aMadrid : b[s.n.], c1801. a3 h. + XLVI ff. [plegados] + 1 h. + 1 lám., al fin ; c39 cm. aPort. grab. por Manuel Albuerne. 7aEspaña-xCensos20 aCenso de Godoy 1797. aES-MaACLjR-2553 xOlim: G-4416